| 000 | 01864nam a2200397 a 4500 | ||
|---|---|---|---|
| 001 | ebr10623214 | ||
| 003 | CaPaEBR | ||
| 006 | m u | ||
| 007 | cr cn||||||||| | ||
| 008 | 090121s2008 enk sb 001 0deng d | ||
| 010 | _z 2009293123 | ||
| 020 | _z9780719077531 (hbk.) | ||
| 020 | _z0719077532 (hbk.) | ||
| 020 | _z9781847791399 (e-book) | ||
| 040 |
_aCaPaEBR _cCaPaEBR |
||
| 035 | _a(OCoLC)808600277 | ||
| 043 | _ae-uk-en | ||
| 050 | 1 | 4 |
_aBT652.E54 _bH47 2008eb |
| 082 | 0 | 4 |
_a232.910942/09034 _222 |
| 100 | 1 | _aHerringer, Carol Engelhardt. | |
| 245 | 1 | 0 |
_aVictorians and the Virgin Mary _h[electronic resource] : _breligion and gender in England, 1830-85 / _cCarol Engelhardt Herringer. |
| 260 |
_aManchester, U.K. ; _aNew York : _bManchester University Press, _cc2008. |
||
| 300 | _ax, 221 p. | ||
| 440 | 0 | _aGender in history | |
| 504 | _aIncludes bibliographical references and index. | ||
| 505 | 0 | _aReligion, gender, and the Virgin Mary -- The Catholic Virgin Mary -- The Protestant Virgin Mary -- Sex, sin, and salvation : the debate over the Immaculate Conception -- The Virgin Mary and the formation of Victorian masculinities. | |
| 533 |
_aElectronic reproduction. _bPalo Alto, Calif. : _cebrary, _d2011. _nAvailable via World Wide Web. _nAccess may be limited to ebrary affiliated libraries. |
||
| 600 | 0 | 0 |
_aMary, _cBlessed Virgin, Saint. |
| 650 | 0 |
_aFeminism _xReligious aspects _xChristianity _xHistory _y19th century. |
|
| 650 | 0 |
_aFeminism _xReligious aspects _xCatholic Church _xHistory _y19th century. |
|
| 650 | 0 |
_aWomen in Christianity _zEngland _xHistory _y19th century. |
|
| 651 | 0 |
_aEngland _xReligion _y19th century. |
|
| 655 | 7 |
_aElectronic books. _2local |
|
| 710 | 2 | _aebrary, Inc. | |
| 856 | 4 | 0 |
_uhttp://site.ebrary.com/lib/rucke/Doc?id=10623214 _zAn electronic book accessible through the World Wide Web; click to view |
| 999 |
_c55743 _d55743 |
||